the study on potential coconut tree at leaybour commune, tramkorkh village, takeo province ( ការសិក្សាស្រាវជ្រាវពីសក្តានូពលដំណាំដូងនៅឃុំលាយបូរ ស្រុកត្តាំកក់ ខេត្តតាកែវ) (Record no. 912)

000 -LEADER
fixed length control field 00667nam a22001337a 4500
040 ## - CATALOGING SOURCE
Transcribing agency RUA
082 ## - DEWEY DECIMAL CLASSIFICATION NUMBER
Classification number AGR SEA 2009 B041 Or.1
100 ## - MAIN ENTRY--AUTHOR NAME
Personal name SEAN, KIMCHHEANG.
245 ## - TITLE STATEMENT
Title the study on potential coconut tree at leaybour commune, tramkorkh village, takeo province ( ការសិក្សាស្រាវជ្រាវពីសក្តានូពលដំណាំដូងនៅឃុំលាយបូរ ស្រុកត្តាំកក់ ខេត្តតាកែវ)
260 ## - PUBLICATION, DISTRIBUTION, ETC. (IMPRINT)
Place of publication Phnom Penh
Name of publisher RUA
Year of publication 2009
300 ## - PHYSICAL DESCRIPTION
Number of Pages x, 62p.
Other physical details ill.
Dimensions 29cm.
856 ## - ELECTRONIC LOCATION AND ACCESS
Uniform Resource Identifier https://drive.google.com/file/d/1Wmn-yYGwWsXhcK3zrG692xdfuFTCqJY5/view?usp=sharing
942 ## - ADDED ENTRY ELEMENTS (KOHA)
Koha item type AGR
952 ## - LOCATION AND ITEM INFORMATION (KOHA)
Withdrawn status [LOCAL, KOHA] 0
952 ## - LOCATION AND ITEM INFORMATION (KOHA)
Withdrawn status [LOCAL, KOHA] 0
952 ## - LOCATION AND ITEM INFORMATION (KOHA)
Withdrawn status [LOCAL, KOHA] 0
952 ## - LOCATION AND ITEM INFORMATION (KOHA)
Withdrawn status [LOCAL, KOHA] 0
952 ## - LOCATION AND ITEM INFORMATION (KOHA)
Withdrawn status [LOCAL, KOHA] 0
952 ## - LOCATION AND ITEM INFORMATION (KOHA)
Withdrawn status [LOCAL, KOHA] 0
952 ## - LOCATION AND ITEM INFORMATION (KOHA)
Withdrawn status [LOCAL, KOHA] 0
952 ## - LOCATION AND ITEM INFORMATION (KOHA)
Withdrawn status [LOCAL, KOHA] 0
952 ## - LOCATION AND ITEM INFORMATION (KOHA)
Withdrawn status [LOCAL, KOHA] 0
952 ## - LOCATION AND ITEM INFORMATION (KOHA)
Withdrawn status [LOCAL, KOHA] 0
952 ## - LOCATION AND ITEM INFORMATION (KOHA)
Withdrawn status [LOCAL, KOHA] 0
Holdings
Permanent Location Date acquired Koha item type Lost status Shelving location Barcode Current Location Full call number
Library Block B2015-09-20AGR B041RUA000357Library Block BAGR SEA 2009 B041 Or.1
Library Block B2015-09-20AGR B041RUA000076Library Block BAGR SEA 2009 B041 Or.2
Library Block B2015-09-20AGR B041RUA000150Library Block BAGR SEA 2009 B041 Or.3
Library Block B2015-09-20AGR B041RUA000722Library Block BAGR SEA 2009 B041 Or.4
Library Block B2015-09-20AGR B041RUA000863Library Block BAGR SEA 2009 B041 Or.5
Library Block B2015-09-20AGR B041RUA000720Library Block BAGR SEA 2009 B041 Or.6
Library Block B2015-09-20AGR B041RUA000107Library Block BAGR SEA 2009 B041 Or.7
Library Block B2015-09-20AGR B041RUA000790Library Block BAGR SEA 2009 B041 Or.8
Library Block B2015-09-21AGR B041RUA000618Library Block BAGR SEA 2009 B041 Or.9
Library Block B2015-10-28AGR B041RUA015711Library Block BAGR SEA 2009 B041 Or.10
Library Block B2019-02-11AGR B1.218A35503Library Block BAGR SEA 2009 B1.218 Or.1
មជ្ឈមណ្ឌលឯការនៃសាកលវិទ្យាល័យភូមិន្ទកសិកម្មចំការដូង

Powered by Koha